| 000 | 00906nam a2200289 i 4500 | ||
|---|---|---|---|
| 001 | bg | ||
| 100 | 1 | _aGRACZYŃSKA, Ewa | |
| 245 | 1 | 0 |
_aIdentities and constructions of algebras / _cEwa Graczyńska. |
| 260 |
_aOpole : _bOficyna Wydawnicza Politechniki Opolskiej, _c2006. |
||
| 300 |
_a188 s. : _bil. ; _c24 cm. |
||
| 490 | 1 |
_aStudia i Monografie / Politechnika Opolska, _x1429-6063 ; _vz. 182 |
|
| 500 | _aStreszcz. pol. | ||
| 500 | _aNa książce błędny ISSN. | ||
| 504 | _aBibliogr. s. 163-184. Indeks. | ||
| 650 | 9 | _aAlgebra | |
| 650 | 9 | _aRachunek operatorowy | |
| 655 | _aPodręczniki akademickie | ||
| 830 | 0 |
_aStudia i Monografie (Politechnika Opolska) ; _vz. 182 |
|
| 015 | _aPB 21570/2006 | ||
| 020 | _a8388492292 | ||
| 040 | _cBPK | ||
| 041 | 1 |
_aeng _bpol |
|
| 080 | _a512:517.4](075.8) | ||
| 920 | _a83-88492-29-2 | ||
| 942 | _cKS | ||
| 008 | s pl f |000 0 pol | ||
| 999 |
_c53209 _d53209 |
||
| 856 |
_uhttp://koha.tu.koszalin.pl/cgi-bin/koha/opac-detail.pl?biblionumber=53209 _yKatalog online BPK |
||